Logo BPK

Biblioteka

Politechniki Koszalińskiej

Biomechanika '94 = (Rekord nr 30772)

Szczegóły MARC
000 -ETYKIETA REKORDU
podpole kontrolne o stałej długości 01354nam a2200277 i 4500
001 - NUMER KONTROLNY REKORDU
pole kontrolne bg
040 ## - ŹRÓDŁO KATALOGOWANIA
Instytucja, która utworzyła rekord BPK
041 0# - KOD JĘZYKA
Kod języka tekstu engpol
Kod języka streszczenia lub abstraktu engpol
080 ## - UNIWERSALNA KLASYFIKACJA DZIESIĘTNA - UKD
UKD 611.7:531:617:615.47:796.015](061.3)
008 - POLE O STAŁEJ DŁUGOŚCI - DANE KONTROLNE
podpole kontrolne o stałej długości s pl f |000 0 pol
111 2# - NAZWA IMPREZY
Nazwa imprezy Biomechanika '94
Oznaczenie części/sekcji/imprezy (12 ;
Data imprezy 1994 ;
Miejsce imprezy Wrocław-Szklarska Poręba).
245 00 - TYTUŁ/ODPOWIEDZIALNOŚĆ
Tytuł Biomechanika '94 =
Ciąg dalszy tytułu Biomechanics '94 : XII Szkoła Biomechaniki, Wrocław-Szklarska Poręba, 20-23 października 1994 r. /
Pozostałe elementy strefy tytułu i oznaczenia odpowiedzialności [red. Romuald Będziński et al.].
260 ## - STREFA ADRESU WYDAWNICZEGO
Miejsce wydania Wrocław :
Nazwa wydawcy/dystrybutora Oficyna Wydawnicza PW,
Data publikacji, dystrybucji/powstania dokumentu 1994.
300 ## - STREFA OPISU FIZYCZNEGO
Objętość 354 s. :
Inne cechy fizyczne fot., rys., wykr. ;
Rozmiary 30 cm.
490 1# - STREFA SERII I DOKUMENTU WIELOCZĘŚCIOWEGO - FORMA NIE DO WYSZUKIWANIA
Tytuł i oznaczenie odpowiedzialności serii Prace Naukowe Instytutu Konstrukcji i Eksploatacji Maszyn Politechniki Wrocławskiej. Konferencje =
-- Scientific Papers of the Institute of Machine Design and Operation of the Technical University of Wrocław. Conferences,
ISSN 0324-9646 ;
Numeracja w obrębie serii 21
500 ## - UWAGI OGÓLNE
Tekst uwagi Tekst częśc. ang.
500 ## - UWAGI OGÓLNE
Tekst uwagi Numeracja ser. gł. : 75.
504 ## - UWAGA DOTYCZĄCA BIBLIOGRAFII
Informacje o bibliografii Bibliogr., streszcz., summ. przy ref. - Indeks.
650 #9 - HASŁO PRZEDMIOTOWE W FORMIE NAZWY OGÓLNEJ LUB JEDNOSTKOWEJ
Nazwa ogólna lub geograficzna Biomechanika
650 #9 - HASŁO PRZEDMIOTOWE W FORMIE NAZWY OGÓLNEJ LUB JEDNOSTKOWEJ
Nazwa ogólna lub geograficzna Chirurgia
655 ## - TERMIN INDEKSOWY - OKREŚLENIE RODZAJU/FORMY DOKUMENTU
Określenie rodzaju/formy dokumentu Materiały konferencyjne
700 1# - HASŁO DODATKOWE - NAZWA OSOBOWA
Nazwa osobowa BĘDZIŃSKI, Romuald.
Określenie związku między hasłem a opisywanym materiałem Red.
711 2# - HASŁO DODATKOWE - NAZWA IMPREZY
Nazwa imprezy Szkoła Biomechaniki
Oznaczenie części/sekcji dzieła (12 ;
Data imprezy 1994 ;
Miejsce imprezy Wrocław-Szklarska Poręba)
Nazwa jednostki podrzędnej ak
830 #0 - HASŁO DODATKOWE SERII LUB DOKUMENTU WIELOCZĘŚCIOWEGO - TYTUŁ UJEDNOLICONY
Tytuł ujednolicony Prace Naukowe Instytutu Konstrukcji i Eksploatacji Maszyn Politechniki Wrocławskiej.
Nazwa części/sekcji dzieła Konferencje ;
Oznaczenie tomu 21
942 ## - DODATKOWE ELEMENTY (KOHA)
Typ dokumentu Książka
Egzemplarze
Wycofany Status egzemplarza Uszkodzony Dostępność Lokalizacja stała Lokalizacja bieżąca Miejsce przechowywania Sygnatura Kod kreskowy Typ dokumentu
      Dostępny Biblioteka Politechniki Koszalińskiej Biblioteka Politechniki Koszalińskiej Wypożyczalnia BG 37617 01082913 Książka
© 2023 Biblioteka Politechniki Koszalińskiej :: KOHA